[Event "Llinars del Valles op-B 12th"]
[Site "Llinars del Valles"]
[Date "2018.06.02"]
[Round "7.16"]
[White "Bordas Galobardes, Pere"]
[Black "Armengou Bernal, Pere"]
[Result "0-1"]
[WhiteElo "1494"]
[BlackElo "1461"]
[PlyCount "58"]
[EventDate "2018.04.14"]
[EventType "swiss"]
[EventRounds "8"]
[EventCountry "ESP"]
[SourceTitle "CBM 184 Extra"]
[Source "ChessBase"]
[SourceDate "2018.06.28"]
[SourceVersion "1"]
[SourceVersionDate "2018.06.28"]
[SourceQuality "1"]

1. b3 d5 2. Bb2 c5 3. e3 Nf6 4. Nf3 e6 5. Ne5 a6 6. Be2 Bd6 7. Ng4 Nbd7 8. 0-0 0-0 9. d3 Nxg4 10. Bxg4 Nf6 11. Nd2 e5 12. Bxc8 Rxc8 13. d4 Re8 14. c4 cxd4 15. exd4 exd4 16. cxd5 Nxd5 17. Nf3 Nc3 18. Qd3 Ne2+ 19. Kh1 Nf4 20. Qxd4 Ne6 21. Qe4 Nc5 22. Qg4 Bf8 23. Ne5 Nd3 24. Nxd3 Qxd3 25. Rfe1 Qd2 26. Reb1 Rc2 27. Rd1 Qxf2 28. Rf1 Qe2 29. Qf3 Qxf3 0-1